| 000 | 00670nam a2200193Ia 4500 | ||
|---|---|---|---|
| 003 | GCL | ||
| 008 | 140319s9999 xx 000 0 ara d | ||
| 020 | _a0208287977 | ||
| 040 |
_aGCL / _cGCL |
||
| 082 | 0 | 4 |
_a668.4 _bم ت |
| 100 | 1 | _aمحمد اسماعيل عمر | |
| 245 | 1 | 0 |
_aتكنولوجيا تصنيع البلاستيك بالبثق / _cمحمد اسماعيل عمر |
| 260 |
_aالقاهرة : _bدار الكتب العلمية للنشر والتوزيع |
||
| 300 |
_a199 ص ؛ _c24 سم |
||
| 650 | 0 | 4 | _aالبلاستيك |
| 650 | 0 | 4 | _aالبلاستيك - صناعة وتجارة |
| 650 | 0 | 4 | _aالبلاستيك التحضيرى |
| 942 |
_2ddc _cBK |
||
| 999 |
_c5163 _d5163 |
||